000 00807 a2200205 4500
001 59024
005 20260407155845.0
008 260407a1998 arg spa d
003 AR-UNSa-BCEJYS
040 _aAR-UNSa-BCEJYS
_bspa
_cAR-UNSa-BCEJYS
080 _a338.2
_xPolítica económica. Control de la economía. Gestión de la economía. Planificación económica
245 1 0 _aPolitica económica y exclusión social
020 _a950-537-446-1
264 1 _aBuenos Aires :
_bMacchi Grupo Editor
_c1998
300 _a221 p.
_c22 cm.
505 _a1. Moral y economía - 2. Economía e ideología - 3. Estado y gobierno - 4. El modelo - 5. La convertibilidad - 6. La distribución regresiva - 7. El desempleo
942 _cBK
590 _aniveau_biblio:m niveau_hierar:0
100 1 _aCuello, Raúl E.
999 _c6577
_d6577